00310nam a22001337a 4500003000700000005001700007008004100024082001600065100001700081245003100098260002200129300000800151650001700159MPLRDC20220104123615.0210129b ||||| |||| 00| 0 eng d a225.4 LCDS  a莲池大师 a莲池大师放生图解c ab莲花阁c2004 b平 a佛教说法